| 000 | 00681nam a2200217 a 4500 | ||
|---|---|---|---|
| 005 | 20241109063727.0 | ||
| 008 | 030812s2001 mx r 000 0 spa d | ||
| 020 | _a9586163555 | ||
| 035 | _aUPN01000127819 | ||
| 049 | _aCG | ||
| 050 | 4 |
_aK3240.4 _bV5.2 |
|
| 100 | 1 | _aVillar Borda, Luis | |
| 245 | 1 | 0 |
_aDerechos humanos : _bresponsabilidad y multiculturalismo / _cLuis Villar Borda. |
| 260 |
_aBogotá : _bUniversidad Externado de Colombia, _c2001. |
||
| 300 | _a104 p. | ||
| 440 | 0 |
_aSerie de teoría jurídica y filosofía del derecho ; _v9 |
|
| 650 | 4 |
_aDerechos humanos _95797 |
|
| 650 | 4 |
_aMulticulturalismo _95798 |
|
| 650 | 4 |
_aDerecho _xFilosofía _99941 |
|
| 905 | _aLibro | ||
| 999 |
_c99998 _d99998 |
||